[Event "ALG Cup"]
[Site "Blida et Alger"]
[Date "2016.10.13"]
[Round "3.9"]
[White "Fellah, Mohamed Amine"]
[Black "Gourari, Moustafa"]
[Result "1-0"]
[WhiteElo "2073"]
[BlackElo "2024"]
[PlyCount "72"]
[EventDate "2016.10.12"]
[EventType "k.o."]
[EventRounds "14"]
[EventCountry "ALG"]
[SourceTitle "EXT 2024"]
[Source "ChessBase"]
[SourceDate "2023.10.10"]
[SourceVersion "1"]
[SourceVersionDate "2023.10.10"]
[SourceQuality "1"]

1. e4 d6 2. d4 Nf6 3. Nc3 g6 4. h3 Bg7 5. Be3 c6 6. Nf3 0-0 7. Bd3 b5 8. 0-0 b4 9. Ne2 Bb7 10. Ng3 Nbd7 11. Qd2 a5 12. Bh6 Qc7 13. Qg5 Bxh6 14. Qxh6 c5 15. c3 Ba6 16. Bxa6 Rxa6 17. Ng5 bxc3 18. bxc3 cxd4 19. cxd4 Qc4 20. e5 dxe5 21. dxe5 Nxe5 22. N3e4 Rd8 23. Rfd1 Raa8 24. Rdc1 Qd5 25. Nxf6+ exf6 26. Qxh7+ Kf8 27. Rc7 Rd7 28. Rxd7 Nxd7 29. Re1 Ne5 30. f4 Qd2 31. Rf1 fxg5 32. Qh8+ Ke7 33. Qxe5+ Kd7 34. fxg5 Qxa2 35. Rd1+ Kc6 36. Rd6+ Kb7 1-0

[Event "Algiers op 3rd"]
[Site "Algiers"]
[Date "2015.02.26"]
[Round "7"]
[White "Gourari, Moustafa"]
[Black "Messaoudi, Elhadi"]
[Result "1-0"]
[WhiteElo "2051"]
[BlackElo "1840"]
[PlyCount "73"]
[EventDate "2015.02.22"]
[EventType "swiss"]
[EventRounds "9"]
[EventCountry "ALG"]
[SourceTitle "CBM 165 Extra"]
[Source "ChessBase"]
[SourceDate "2015.04.21"]
[SourceVersion "1"]
[SourceVersionDate "2015.04.21"]
[SourceQuality "1"]

1. d4 b6 2. c4 Bb7 3. Nc3 Nf6 4. Nf3 e6 5. a3 Be7 6. d5 0-0 7. e4 exd5 8. cxd5 Re8 9. Bd3 Bf8 10. 0-0 c5 11. e5 Nxd5 12. Bxh7+ Kxh7 13. Ng5+ Kg6 14. Qd3+ f5 15. exf6+ Kxf6 16. Qf3+ Ke7 17. Re1+ Kd6 18. Nf7+ Kc7 19. Bf4+ Nxf4 20. Qxf4+ Kc8 21. Nxd8 Rxd8 22. Nb5 Na6 23. Nd6+ Bxd6 24. Qxd6 Nc7 25. Rad1 Nb5 26. Qg6 Bc6 27. Re8 Rxe8 28. Qxe8+ Kb7 29. Qf7 Nd4 30. Qxg7 Re8 31. h4 Kc7 32. h5 Ba4 33. Rxd4 cxd4 34. Qxd4 Bc6 35. h6 Be4 36. Qg7 Bc6 37. f3 1-0

[Event "Algiers op 3rd"]
[Site "Algiers"]
[Date "2015.02.23"]
[Round "2"]
[White "Gourari, Moustafa"]
[Black "Haddouche, Mohamed Amine"]
[Result "0-1"]
[WhiteElo "2051"]
[BlackElo "2524"]
[PlyCount "78"]
[EventDate "2015.02.22"]
[EventType "swiss"]
[EventRounds "9"]
[EventCountry "ALG"]
[SourceTitle "CBM 165 Extra"]
[Source "ChessBase"]
[SourceDate "2015.04.21"]
[SourceVersion "1"]
[SourceVersionDate "2015.04.21"]
[SourceQuality "1"]

1. d4 d6 2. c4 g6 3. e4 Bg7 4. Nc3 Nf6 5. f3 0-0 6. Be3 a6 7. Qd2 c6 8. a4 Nbd7 9. Bd3 e5 10. Nge2 exd4 11. Nxd4 a5 12. 0-0 Re8 13. Rfe1 Nc5 14. Bf1 Nfd7 15. Rad1 Ra6 16. Nde2 Bf8 17. Bh6 Qb6 18. Kh1 Nd3 19. Be3 N7c5 20. Qxd3 Nxd3 21. Bxb6 Nxe1 22. Bf2 Nc2 23. Nc1 Ra8 24. Nb3 Be7 25. Bb6 Bd8 26. Bxd8 Rxd8 27. Rd2 Nb4 28. e5 d5 29. Ne4 Be6 30. Nf6+ Kg7 31. c5 Na6 32. Bxa6 Rxa6 33. Nd4 Rc8 34. Nxe6+ fxe6 35. Nd7 Rd8 36. Nb6 Rf8 37. Rd4 Rf5 38. f4 Rxb6 39. cxb6 c5 0-1

[Event "ALG-ch"]
[Site "Algiers"]
[Date "2015.02.05"]
[Round "9"]
[White "Gourari, Moustafa"]
[Black "Saim, Mohamed Ilias"]
[Result "1/2-1/2"]
[WhiteElo "2051"]
[BlackElo "2088"]
[PlyCount "62"]
[EventDate "2015.01.30"]
[EventType "tourn"]
[EventRounds "11"]
[EventCountry "ALG"]
[SourceTitle "CBM 164 Extra"]
[Source "ChessBase"]
[SourceDate "2015.03.02"]
[SourceVersion "1"]
[SourceVersionDate "2015.03.02"]
[SourceQuality "1"]

1. d4 Nf6 2. c4 g6 3. f3 d5 4. cxd5 Nxd5 5. e4 Nb6 6. Be3 Bg7 7. Nc3 0-0 8. Qd2 Nc6 9. Rd1 e5 10. d5 Nd4 11. b3 f5 12. Nge2 fxe4 13. Nxe4 Bf5 14. Nxd4 exd4 15. Bxd4 Bxe4 16. Bxg7 Re8 17. Bb2 Bxf3+ 18. Kf2 Bxd1 19. Qd4 Re7 20. Qh8+ Kf7 21. Qf6+ Kg8 22. Qh8+ Kf7 23. Qf6+ Ke8 24. Bb5+ c6 25. Qh8+ Kf7 26. Qf6+ Ke8 27. Qh8+ Kf7 28. Qf6+ Ke8 29. Qh8+ Kf7 30. Qf6+ Ke8 31. Qh8+ Kf7 1/2-1/2

[Event "ALG-ch"]
[Site "Algiers"]
[Date "2015.01.30"]
[Round "2"]
[White "Gourari, Moustafa"]
[Black "Belouadah, Saad"]
[Result "0-1"]
[WhiteElo "2051"]
[BlackElo "2330"]
[PlyCount "142"]
[EventDate "2015.01.30"]
[EventType "tourn"]
[EventRounds "11"]
[EventCountry "ALG"]
[SourceTitle "CBM 164 Extra"]
[Source "ChessBase"]
[SourceDate "2015.03.02"]
[SourceVersion "1"]
[SourceVersionDate "2015.03.02"]
[SourceQuality "1"]

1. d4 f5 2. e4 fxe4 3. Nc3 Nf6 4. Bg5 Nc6 5. Bxf6 exf6 6. d5 Ne5 7. Nxe4 d6 8. Qd2 Be7 9. f4 Nd7 10. Nf3 Nc5 11. Ng3 0-0 12. f5 Nd7 13. Nd4 Ne5 14. Nge2 c5 15. dxc6 bxc6 16. Nf4 Qb6 17. 0-0-0 d5 18. Nde6 Rb8 19. b3 Bc5 20. Re1 Bb4 21. c3 Ba3+ 22. Kc2 Rf7 23. Nd3 Bd6 24. Ndf4 a5 25. h4 a4 26. b4 Ba6 27. Bxa6 Qxa6 28. Rh3 Nc4 29. Qf2 Re7 30. Rg3 a3 31. Rg4 Qa4+ 32. Kc1 Ne5 33. Rg3 Bxb4 34. cxb4 Rxb4 35. Qc2 Rc4 36. Rc3 Qb4 37. Ree3 Rb7 38. Rxc4 Qb2+ 39. Qxb2 axb2+ 40. Kb1 Nxc4 41. Rd3 Rb6 42. Nc5 Kf7 43. Nfe6 g6 44. h5 gxf5 45. Nd4 f4 46. Ndb3 Ke7 47. a4 Kd6 48. a5 Nxa5 49. Ne4+ Ke5 50. Nxa5 Kxe4 51. Rc3 d4 52. Rxc6 Rb5 53. Nc4 Rg5 54. Rxf6 Rxg2 55. Nxb2 Rh2 56. Re6+ Kf5 57. Rh6 f3 58. Nd3 Rd2 59. Rxh7 Rxd3 60. Kc2 Ra3 61. Rd7 Ke4 62. Re7+ Kf4 63. h6 f2 64. h7 Rh3 65. Kd2 d3 66. Rf7+ Kg3 67. Kxd3 Rxh7 68. Rf8 Rd7+ 69. Ke3 Re7+ 70. Kd3 Re1 71. Rg8+ Kh4 0-1

[Event "Bejaia op"]
[Site "Bejaia"]
[Date "2015.01.22"]
[Round "2"]
[White "Kasparov, Sergey"]
[Black "Gourari, Moustafa"]
[Result "1-0"]
[WhiteElo "2477"]
[BlackElo "2058"]
[PlyCount "82"]
[EventDate "2015.01.22"]
[EventType "swiss"]
[EventRounds "7"]
[EventCountry "ALG"]
[SourceTitle "CBM 164 Extra"]
[Source "ChessBase"]
[SourceDate "2015.03.02"]
[SourceVersion "1"]
[SourceVersionDate "2015.03.02"]
[SourceQuality "1"]

1. e4 d6 2. d4 Nf6 3. Nc3 g6 4. g3 Bg7 5. Bg2 0-0 6. Nge2 e5 7. 0-0 exd4 8. Nxd4 Na6 9. h3 Nc5 10. Re1 Re8 11. Nb3 Nfd7 12. Bd2 a5 13. Qc1 a4 14. Nxc5 Nxc5 15. Bg5 f6 16. Be3 a3 17. b3 f5 18. Bg5 Bf6 19. h4 Bxg5 20. hxg5 c6 21. Qd2 fxe4 22. b4 e3 23. Rxe3 Rxe3 24. Qxe3 Ne6 25. Ne4 d5 26. Nf6+ Kh8 27. Re1 Ng7 28. Qe7 Qxe7 29. Rxe7 Rb8 30. b5 Be6 31. bxc6 bxc6 32. Ra7 Bg8 33. Bh3 Nf5 34. Bxf5 gxf5 35. c3 Rf8 36. Rxa3 h6 37. Nxg8 Kxg8 38. gxh6 Kh7 39. Ra7+ Kxh6 40. Rc7 Kg5 41. Rxc6 Ra8 1-0

[Event "ALG-ch sf"]
[Site "Algiers"]
[Date "2014.12.31"]
[Round "3"]
[White "Gourari, Moustafa"]
[Black "Oussedik, Mahfoud"]
[Result "0-1"]
[WhiteElo "2070"]
[BlackElo "2178"]
[PlyCount "88"]
[EventDate "2014.12.30"]
[EventType "swiss"]
[EventRounds "9"]
[EventCountry "ALG"]
[SourceTitle "CBM 164 Extra"]
[Source "ChessBase"]
[SourceDate "2015.03.02"]
[SourceVersion "1"]
[SourceVersionDate "2015.03.02"]
[SourceQuality "1"]

1. d4 Nf6 2. c4 e6 3. Nf3 b6 4. a3 Bb7 5. Nc3 d5 6. cxd5 Nxd5 7. Qc2 c5 8. e4 Nxc3 9. bxc3 Nd7 10. Bd3 Qc7 11. 0-0 cxd4 12. cxd4 Qxc2 13. Bxc2 Ba6 14. Re1 Rc8 15. Bd1 Bd6 16. Bb2 0-0 17. e5 Be7 18. Bb3 Bc4 19. Bxc4 Rxc4 20. Rac1 Rfc8 21. Rxc4 Rxc4 22. Rc1 Rxc1+ 23. Bxc1 b5 24. Ne1 Nb6 25. Kf1 Kf8 26. Ke2 Ke8 27. Nc2 Kd7 28. Kd3 Kc6 29. Ke4 a5 30. Ne3 b4 31. axb4 axb4 32. f4 b3 33. Kd3 Kb5 34. Nd1 Bb4 35. f5 exf5 36. Ne3 g6 37. g3 h5 38. d5 Na4 39. Nc4 Kc5 40. d6 Kd5 41. Ne3+ Kxe5 42. Kc4 b2 43. Bxb2+ Nxb2+ 44. Kxb4 Kxd6 0-1

[Event "ALG-ch sf"]
[Site "Algiers"]
[Date "2014.12.31"]
[Round "4"]
[White "Salhi, Nouressadat"]
[Black "Gourari, Moustafa"]
[Result "1-0"]
[WhiteElo "1966"]
[BlackElo "2070"]
[PlyCount "81"]
[EventDate "2014.12.30"]
[EventType "swiss"]
[EventRounds "9"]
[EventCountry "ALG"]
[SourceTitle "CBM 164 Extra"]
[Source "ChessBase"]
[SourceDate "2015.03.02"]
[SourceVersion "1"]
[SourceVersionDate "2015.03.02"]
[SourceQuality "1"]

1. e4 d6 2. d4 Nf6 3. Nc3 g6 4. Nge2 Bg7 5. Ng3 Nfd7 6. h4 h5 7. Be3 c5 8. dxc5 dxc5 9. Qd2 Qa5 10. Be2 Nc6 11. Bb5 Nd4 12. Bxd4 Bxd4 13. Nge2 Bg7 14. Nd5 Qxd2+ 15. Kxd2 Kd8 16. Rad1 e6 17. Ne3 Kc7 18. c3 Bh6 19. Rh3 a6 20. Bxd7 Bxd7 21. e5 Bc6 22. f4 Rad8+ 23. Ke1 Rxd1+ 24. Kxd1 Rd8+ 25. Ke1 Rd3 26. Nc4 Rxh3 27. gxh3 Bf3 28. Nd6 Bxe2 29. Nxf7 Bxf4 30. Kxe2 c4 31. Kf3 Bc1 32. b3 Bb2 33. bxc4 Bxc3 34. Kf4 Bd2+ 35. Ke4 Be1 36. Nh8 Bxh4 37. Nxg6 Be1 38. Nf8 Kb6 39. Nxe6 Ka5 40. Kd5 Kb4 41. Nc5 1-0

[Event "ALG-ch sf"]
[Site "Algiers"]
[Date "2014.12.30"]
[Round "1"]
[White "Gourari, Moustafa"]
[Black "Oussedik, Nassila"]
[Result "1-0"]
[WhiteElo "2070"]
[BlackElo "1564"]
[PlyCount "101"]
[EventDate "2014.12.30"]
[EventType "swiss"]
[EventRounds "9"]
[EventCountry "ALG"]
[SourceTitle "CBM 164 Extra"]
[Source "ChessBase"]
[SourceDate "2015.03.02"]
[SourceVersion "1"]
[SourceVersionDate "2015.03.02"]
[SourceQuality "1"]

1. d4 d5 2. c4 e6 3. Nc3 Nf6 4. Bg5 Be7 5. e3 Nbd7 6. Nf3 0-0 7. Qc2 h6 8. Bh4 c6 9. cxd5 Nxd5 10. Bxe7 Qxe7 11. e4 Nb4 12. Qb3 c5 13. Rd1 cxd4 14. Rxd4 Nc6 15. Rd2 Nc5 16. Qd1 b6 17. a3 a5 18. Bb5 Bb7 19. 0-0 Rfd8 20. Rxd8+ Rxd8 21. Qc2 Nd4 22. Nxd4 Rxd4 23. f3 Qg5 24. Rd1 Qe3+ 25. Qf2 Rxd1+ 26. Nxd1 Qc1 27. Qd4 Nb3 28. Qd8+ Kh7 29. Be2 Qc2 30. Qd3 Qc5+ 31. Kf1 Nd4 32. Qc4 Qe5 33. g3 Bc6 34. f4 Qd6 35. Qd3 e5 36. Qe3 Nc2 37. Qxb6 Qd2 38. Qf2 exf4 39. Bf3 Qc1 40. gxf4 Bb5+ 41. Kg2 Bd3 42. Kg3 g5 43. Bh5 Bxe4 44. Nc3 Bg6 45. Bxg6+ Kxg6 46. f5+ Kg7 47. f6+ Kg6 48. Nd5 Qxb2 49. Ne7+ Kh7 50. Qf5+ Kh8 51. Qc8+ 1-0

[Event "ALG-ch sf"]
[Site "Algiers"]
[Date "2014.01.12"]
[Round "6"]
[White "Gourari, Moustafa"]
[Black "Belouadah, Saad"]
[Result "0-1"]
[WhiteElo "2074"]
[BlackElo "2302"]
[PlyCount "78"]
[EventDate "2014.01.10"]
[EventType "swiss"]
[EventRounds "7"]
[EventCountry "ALG"]
[SourceTitle "CBM 158 Extra"]
[Source "ChessBase"]
[SourceDate "2014.02.28"]
[SourceVersion "1"]
[SourceVersionDate "2014.02.28"]
[SourceQuality "1"]

1. d4 d6 2. c4 g6 3. Nc3 Bg7 4. e4 Nf6 5. f3 c6 6. Be3 a6 7. a4 a5 8. Nge2 Na6 9. Nc1 0-0 10. Be2 Nd7 11. Qd2 e5 12. d5 Ndc5 13. 0-0 Qe7 14. Rd1 Rd8 15. Bf1 f5 16. exf5 Bxf5 17. g4 Bd7 18. dxc6 Bxc6 19. Nd5 Qf7 20. Bg5 Re8 21. Ra3 Ne6 22. Bh6 Nd4 23. Bxg7 Kxg7 24. Bg2 Nc5 25. Ne2 Ncb3 26. Qd3 Bxd5 27. cxd5 Nxe2+ 28. Qxe2 Nd4 29. Qe4 Rac8 30. Rc3 b6 31. Rdc1 Rc5 32. g5 Rf8 33. Rxc5 bxc5 34. Rf1 Qf5 35. Qh4 Qd3 36. Qe1 Ne2+ 37. Kh1 Nf4 38. Qxa5 Qe2 39. Rg1 Nxg2 0-1

[Event "ALG-ch sf"]
[Site "Algiers"]
[Date "2014.01.12"]
[Round "5"]
[White "Gourari, Moustafa"]
[Black "Khelfallah, Omar Badreddine"]
[Result "0-1"]
[WhiteElo "2074"]
[BlackElo "2089"]
[PlyCount "122"]
[EventDate "2014.01.10"]
[EventType "swiss"]
[EventRounds "7"]
[EventCountry "ALG"]
[SourceTitle "CBM 158 Extra"]
[Source "ChessBase"]
[SourceDate "2014.02.28"]
[SourceVersion "1"]
[SourceVersionDate "2014.02.28"]
[SourceQuality "1"]

1. d4 Nf6 2. c4 c5 3. d5 e5 4. Nc3 d6 5. e4 Nbd7 6. Bd3 Be7 7. Nf3 Nf8 8. Bc2 Ng6 9. Ba4+ Kf8 10. a3 a6 11. h3 h5 12. g3 Rb8 13. b4 b6 14. Rb1 cxb4 15. axb4 h4 16. g4 Nh7 17. Qd3 Ng5 18. Ne2 Nxf3+ 19. Qxf3 b5 20. cxb5 axb5 21. Bb3 Kg8 22. 0-0 Bd7 23. Ra1 Kh7 24. Bb2 Qb6 25. Ra5 Rhc8 26. Rfa1 Kg8 27. Ra7 Qd8 28. Bd1 Qe8 29. Bc1 Bd8 30. Be3 Rc4 31. Bb3 Rcc8 32. R1a6 Bc7 33. Kh2 Ra8 34. Qh1 Rxa7 35. Rxa7 Qd8 36. Qa1 Be8 37. Qa6 Rb8 38. Bc2 Kf8 39. Bd3 Bd7 40. Nc3 Bc8 41. Qc6 Bb6 42. Bxb6 Rxb6 43. Qc7 Qxc7 44. Rxc7 Rb8 45. Bxb5 Ne7 46. Kg2 g6 47. f4 exf4 48. e5 dxe5 49. d6 Bb7+ 50. Rxb7 Rxb7 51. dxe7+ Kxe7 52. Bc6 Rb8 53. Kf3 f5 54. b5 Kd6 55. Nd5 Rf8 56. g5 Rd8 57. Nb6 Kc7 58. Nd5+ Kd6 59. Nb6 Kc7 60. Nc4 Rd3+ 61. Ke2 Rxh3 0-1

[Event "ALG-ch sf"]
[Site "Algiers"]
[Date "2014.01.11"]
[Round "3"]
[White "Gourari, Moustafa"]
[Black "Benlaid, Lakhdar"]
[Result "1-0"]
[WhiteElo "2074"]
[BlackElo "1863"]
[PlyCount "87"]
[EventDate "2014.01.10"]
[EventType "swiss"]
[EventRounds "7"]
[EventCountry "ALG"]
[SourceTitle "CBM 158 Extra"]
[Source "ChessBase"]
[SourceDate "2014.02.28"]
[SourceVersion "1"]
[SourceVersionDate "2014.02.28"]
[SourceQuality "1"]

1. d4 d5 2. c4 c6 3. Nf3 Nf6 4. Nc3 e6 5. Bg5 h6 6. Bh4 Nbd7 7. cxd5 exd5 8. e3 Bd6 9. Bd3 0-0 10. 0-0 Re8 11. Rb1 Nf8 12. Qc2 Bg4 13. Nd2 Qc7 14. Bg3 Bxg3 15. hxg3 Bh5 16. b4 Bg6 17. Nf3 Bxd3 18. Qxd3 Ng6 19. b5 Ne4 20. Rfc1 Qd6 21. bxc6 bxc6 22. Qa6 Nxc3 23. Rxc3 Rab8 24. Rxb8 Qxb8 25. Qxc6 Qb1+ 26. Rc1 Qb8 27. Qxd5 Ne7 28. Qb3 Qxb3 29. axb3 Rb8 30. Nd2 Rb7 31. Kf1 Kf8 32. Ke2 Ke8 33. g4 Kd7 34. Ne4 Rb6 35. Nc5+ Kd6 36. Kd3 Nd5 37. g3 Nb4+ 38. Ke4 g6 39. Ra1 a6 40. Rh1 Na2 41. Rxh6 Nc1 42. f4 Nxb3 43. Nxb3 Rxb3 44. f5 1-0

[Event "ALG Cup"]
[Site "Algiers"]
[Date "2013.11.??"]
[Round "5"]
[White "Saim, Bachir"]
[Black "Gourari, Moustafa"]
[Result "0-1"]
[WhiteElo "2026"]
[BlackElo "2079"]
[PlyCount "94"]
[EventDate "2013.11.??"]
[EventType "k.o."]
[EventRounds "6"]
[EventCountry "ALG"]
[SourceTitle "EXT 2015"]
[Source "ChessBase"]
[SourceDate "2014.11.20"]
[SourceVersion "1"]
[SourceVersionDate "2014.11.20"]
[SourceQuality "1"]

1. d4 d6 2. Nf3 Nf6 3. g3 g6 4. Bg2 Bg7 5. 0-0 0-0 6. Re1 Nbd7 7. e4 e5 8. dxe5 dxe5 9. b3 Re8 10. Bb2 Nh5 11. Nbd2 Nb6 12. Qe2 Bd7 13. Rad1 Qe7 14. Nb1 f6 15. Nfd2 Bh6 16. Ba3 Qf7 17. c4 Ng7 18. Nc3 Ne6 19. Nf3 c5 20. Qb2 Rac8 21. Nb5 Bxb5 22. cxb5 Nd4 23. Nxd4 cxd4 24. Bh3 Rcd8 25. Bb4 Nc8 26. Bf1 Kg7 27. a4 Nd6 28. Qa3 Qc7 29. Bh3 Nf7 30. Bf1 f5 31. exf5 gxf5 32. Qb2 Ng5 33. Bg2 Ne6 34. Qe2 e4 35. Bh3 Qf7 36. Ba3 d3 37. Qb2+ Kg8 38. Bb4 Qh5 39. Bg2 Nd4 40. Bc3 Ne2+ 41. Kh1 e3 42. fxe3 Nxg3+ 43. Kg1 Bxe3+ 44. Rxe3 Qxd1+ 45. Be1 Rxe3 46. hxg3 Qxe1+ 47. Kh2 Qxg3+ 0-1

[Event "ALG-ch"]
[Site "Algiers"]
[Date "2013.05.01"]
[Round "6"]
[White "Gourari, Moustafa"]
[Black "Talbi, Chafik"]
[Result "0-1"]
[WhiteElo "2059"]
[BlackElo "2173"]
[PlyCount "126"]
[EventDate "2013.04.27"]
[EventType "tourn"]
[EventRounds "9"]
[EventCountry "ALG"]
[SourceTitle "CBM 154 Extra"]
[Source "ChessBase"]
[SourceDate "2013.06.25"]
[SourceVersion "2"]
[SourceVersionDate "2013.06.25"]
[SourceQuality "1"]

1. d4 Nf6 2. c4 e6 3. Nf3 b6 4. a3 Ba6 5. Qc2 Bb7 6. Nc3 c5 7. dxc5 bxc5 8. e3 Be7 9. Be2 0-0 10. 0-0 a6 11. Rd1 Qc7 12. b3 d6 13. Bb2 Nbd7 14. e4 Rfd8 15. Nd2 Ne5 16. f4 Nc6 17. Nf3 Nd4 18. Nxd4 cxd4 19. Rxd4 d5 20. Kh1 Bc5 21. Nxd5 exd5 22. cxd5 Qb6 23. Rc4 Be3 24. Rb4 Qa7 25. Bxf6 gxf6 26. Qc7 Rab8 27. Bh5 Rf8 28. Qc3 Kg7 29. Rf1 Rfc8 30. Qe1 a5 31. Rb5 Rc1 32. Qg3+ Kf8 33. Rxc1 Bxc1 34. e5 fxe5 35. fxe5 Bc8 36. Qc3 Bxa3 37. Rxa5 Qf2 38. h3 Qf1+ 39. Kh2 Qf4+ 40. Kg1 Qc1+ 41. Qxc1 Bxc1 42. Kf1 Bf5 43. Ra7 Bg6 44. Bxg6 hxg6 45. e6 fxe6 46. dxe6 Rxb3 47. Rf7+ Ke8 48. h4 Bb2 49. Rf2 Ke7 50. Re2 Bf6 51. Re4 Rb8 52. Ke2 Rb6 53. Kf3 Rxe6 54. Rxe6+ Kxe6 55. g3 Bd8 56. Kf4 Be7 57. Ke4 Kf7 58. Ke5 Kg7 59. Ke6 Bf6 60. h5 g5 61. Kf5 Kf7 62. h6 Be7 63. g4 Bd8 0-1

[Event "ALG-ch"]
[Site "Algiers"]
[Date "2013.04.28"]
[Round "3"]
[White "Bengherabi, Khalil"]
[Black "Gourari, Moustafa"]
[Result "0-1"]
[WhiteElo "2106"]
[BlackElo "2059"]
[PlyCount "60"]
[EventDate "2013.04.27"]
[EventType "tourn"]
[EventRounds "9"]
[EventCountry "ALG"]
[SourceTitle "CBM 154 Extra"]
[Source "ChessBase"]
[SourceDate "2013.06.25"]
[SourceVersion "2"]
[SourceVersionDate "2013.06.25"]
[SourceQuality "1"]

1. e4 d6 2. d4 Nf6 3. Nc3 g6 4. Be3 Bg7 5. f3 c6 6. Qd2 b5 7. g4 h5 8. g5 Nfd7 9. 0-0-0 Nb6 10. Re1 d5 11. Bf4 Be6 12. Bh3 Nc4 13. Qd3 Bxh3 14. Nxh3 b4 15. exd5 Nxb2 16. Kxb2 bxc3+ 17. Ka1 cxd5 18. Qb5+ Qd7 19. Rxe7+ Kxe7 20. Qc5+ Kd8 21. Qa5+ Ke8 22. Qa3 Nc6 23. Re1+ Kd8 24. Qa6 Re8 25. Rb1 Bxd4 26. a4 Be5 27. Rb7 Qd6 28. Be3 d4 29. Bc1 Re7 30. Ka2 Nb4+ 0-1

[Event "ALG-ch"]
[Site "Algiers"]
[Date "2013.04.27"]
[Round "2"]
[White "Gourari, Moustafa"]
[Black "Ferhi, Djamel"]
[Result "1/2-1/2"]
[WhiteElo "2059"]
[BlackElo "2135"]
[PlyCount "70"]
[EventDate "2013.04.27"]
[EventType "tourn"]
[EventRounds "9"]
[EventCountry "ALG"]
[SourceTitle "CBM 154 Extra"]
[Source "ChessBase"]
[SourceDate "2013.06.25"]
[SourceVersion "2"]
[SourceVersionDate "2013.06.25"]
[SourceQuality "1"]

1. d4 c5 2. d5 d6 3. e4 Nf6 4. f3 g6 5. c4 Bg7 6. Nc3 Na6 7. Be3 h5 8. Qd2 Rb8 9. Nge2 Bd7 10. Nc1 Bc8 11. Be2 b6 12. Nb3 Nc7 13. 0-0 a6 14. Rad1 Bd7 15. Rfe1 Kf8 16. Bg5 a5 17. e5 Nfe8 18. exd6 Nxd6 19. Bd3 Bf6 20. Bxf6 exf6 21. Qf4 Nce8 22. a4 Kg7 23. Nb5 Bxb5 24. axb5 Rb7 25. Re2 f5 26. Rde1 Qf6 27. Qe5 Qxe5 28. Rxe5 Kf6 29. Nd2 Ng7 30. R5e2 Re8 31. f4 Rbe7 32. Nf3 Rxe2 33. Rxe2 Rxe2 34. Bxe2 Ke7 35. Ne5 Nge8 1/2-1/2

[Event "ALG-ch"]
[Site "Algiers"]
[Date "2013.04.27"]
[Round "1"]
[White "Nassr, Ali"]
[Black "Gourari, Moustafa"]
[Result "1-0"]
[WhiteElo "2050"]
[BlackElo "2059"]
[PlyCount "89"]
[EventDate "2013.04.27"]
[EventType "tourn"]
[EventRounds "9"]
[EventCountry "ALG"]
[SourceTitle "CBM 154 Extra"]
[Source "ChessBase"]
[SourceDate "2013.06.25"]
[SourceVersion "2"]
[SourceVersionDate "2013.06.25"]
[SourceQuality "1"]

1. d4 Nf6 2. Nf3 g6 3. Bf4 Bg7 4. e3 0-0 5. h3 d6 6. Be2 Nc6 7. 0-0 Nd7 8. c4 e5 9. Bg3 e4 10. Nfd2 f5 11. Nc3 Nf6 12. Qb3 Kh8 13. Bf4 h6 14. Bh2 g5 15. Rae1 Qe8 16. c5 dxc5 17. dxc5 Qg6 18. f3 exf3 19. Bxf3 g4 20. hxg4 fxg4 21. Bxc6 bxc6 22. Bxc7 Ba6 23. Rf2 Nh7 24. Bf4 Rad8 25. Nde4 Bd3 26. Nd6 Qh5 27. Nce4 Bxe4 28. Nxe4 Rd5 29. Ref1 Qg6 30. Qb4 h5 31. Bd6 Rxf2 32. Qb8+ Nf8 33. Nxf2 Rf5 34. e4 Rf3 35. gxf3 gxf3+ 36. Bg3 h4 37. Kh2 Kh7 38. Rg1 Nd7 39. Qc7 hxg3+ 40. Rxg3 Qf7 41. Rh3+ Kg8 42. Qc8+ Nf8 43. Qf5 Qxa2 44. Rxf3 Ne6 45. Qf7+ 1-0

[Event "ALG-ch sf"]
[Site "Sidi Bel Abbes"]
[Date "2013.03.27"]
[Round "2"]
[White "Gourari, Moustafa"]
[Black "Brahmi, Mustapha"]
[Result "1-0"]
[WhiteElo "2059"]
[BlackElo "1649"]
[PlyCount "109"]
[EventDate "2013.03.27"]
[EventType "swiss"]
[EventRounds "9"]
[EventCountry "ALG"]
[SourceTitle "CBM 153 Extra"]
[Source "ChessBase"]
[SourceDate "2013.04.22"]
[SourceVersion "1"]
[SourceVersionDate "2013.04.22"]
[SourceQuality "1"]

1. d4 Nf6 2. c4 e6 3. Nf3 d5 4. Nc3 Be7 5. e3 0-0 6. Bd3 c5 7. dxc5 Bxc5 8. Qe2 Nc6 9. 0-0 a6 10. Rd1 h6 11. b3 Qe7 12. cxd5 exd5 13. h3 Re8 14. Bb2 Be6 15. Na4 Bd6 16. Rac1 Rad8 17. Bxa6 Nb4 18. Bb5 Bd7 19. Bxd7 Rxd7 20. a3 Nc6 21. b4 Ne5 22. Nc5 Rc7 23. Nd4 Bxc5 24. bxc5 Nc4 25. Nb3 Rd8 26. a4 Nxb2 27. Qxb2 Ne4 28. Qd4 f6 29. Rc2 Kf8 30. h4 Rc6 31. f3 Ng3 32. Kf2 Nf5 33. Qf4 Qe6 34. e4 d4 35. Rc3 Ne3 36. Rxd4 Nd1+ 37. Kg1 Rxd4 38. Nxd4 Qe8 39. Rc1 Nb2 40. Nxc6 Qxc6 41. Qd6+ Qxd6 42. cxd6 Ke8 43. Rc7 Nxa4 44. Rxb7 g5 45. hxg5 hxg5 46. g3 Nc5 47. Rc7 Nd3 48. Kf1 Ne5 49. f4 gxf4 50. gxf4 Nd3 51. e5 fxe5 52. fxe5 Kd8 53. e6 Ne5 54. e7+ Ke8 55. Rc8+ 1-0